000 00497nam a2200181Ia 4500
005 20250508162709.0
008 008 250505s9999 xx 000 0 eng d
037 _aTextual
040 _aFEDL
_beng
_cFEDL
041 _aeng
_2eng
084 _a507, SHA
_qFEDL
100 _aSharma H L
245 0 _aSchool science education in India
260 _aNew Delhi, India
_bCommonewalth Publishers
_c1989
300 _axi,297p
942 _cTEXL
_h507, SHA
999 _c1378116
_d1378116